Disney Channel Original Movies by Letter Quiz Stats

 Plays Quiz not verified by Sporcle

Support Sporcle.
Go Orange.
Score 0/24 Timer 04:00
0 Plays Today
Letter Movies % Correct
HHalloweentown, Halloweentown II: Kalabar's Revenge...
91%
CCadet Kelly, Camp Rock, Camp Rock 2: The Final Jam…
85.2%
ZZapped, Zenon: Girl of the 21st Century, Zenon: The Zequel...
74.3%
SSharpay's Fabulous Adventure, Smart House, Starstruck...
66.9%
LLemonade Mouth, Let It Shine, Life is Ruff...
65.8%
DDadnapped, Den Brother, Descendants…
64.6%
TTangled: Before Ever After, Teen Beach Movie, Teen Beach 2...
64.2%
WWendy Wu: Homecoming Warrior, Wizards of Waverly Place: The Movie
59.1%
JJett Jackson: The Movie, Johnny Tsunami...
57.3%
PPhantom of the Megaplex, Phineas and Ferb the Movie: Across the 2nd Dimension...
57%
GGeek Charming, Genius, Get a Clue...
55.4%
AAdventures in Babysitting, Alley Cats Strike, Avalon High
41.3%
Letter Movies % Correct
RRadio Rebel, Read It and Weep, Ready to Run...
40.3%
FFreaky Friday, Frenemies, Full-Court Miracle
39.1%
BBad Hair Day, Brink!, Buffalo Dreams
38.1%
EEddie's Million Dollar Cook-Off, The Even Stevens Movie
36.7%
MMinutemen, Miracle in Lane 2, Mom's Got a Date with a Vampire...
33.4%
QQuints
27.4%
KKim Possible, Kim Possible Movie: So the Drama
25.2%
UThe Ultimate Christmas Present, Under Wraps, Up, Up, and Away
21.4%
IInvisible Sister
19.8%
YYou Lucky Dog, You Wish!
15.7%
NNow You See It...
12.5%
OThe Other Me
7.9%

You're not logged in!

Compare scores with friends on all Sporcle quizzes.
OR
Log In

From the Vault

Geography Subcategory 'A'

by NO_r_WAY

We would say it's "A" subcategory, but there's more than one.
Remove Ads.
Support Sporcle.
Get the best of Sporcle when you Go Orange. This ad-free experience offers more features, more stats, and more fun while also helping to support Sporcle. Thank you for becoming a member.

Show Comments

Extras

Top Quizzes Today


Score Distribution

Your Account Isn't Verified!

In order to create a playlist on Sporcle, you need to verify the email address you used during registration. Go to your Sporcle Settings to finish the process.

Report this User

Report this user for behavior that violates our Community Guidelines.

Details: